| 000 | 00341nam a22001337a 4500 | ||
|---|---|---|---|
| 008 | 160518b xxu||||| |||| 00| 0 eng d | ||
| 020 | _a9780781765251 | ||
| 020 | _a9780781765251 | ||
| 020 | _a0781765250 | ||
| 041 | _aeng | ||
| 080 | _a618.2 | ||
| 245 |
_aNursing in todays world: _cJanice Rider Ellis; Celia Love Hartley; |
||
| 942 |
_2udc _cBK |
||
| 999 |
_c2181 _d2181 |
||